| 000 | 01153nam a2200301 i 4500 | ||
|---|---|---|---|
| 001 | bg | ||
| 100 | 1 | _aMILEWSKI, Leonard | |
| 245 | 1 | 0 |
_aPowiązania ekonomiczne i marketingowe rolnictwa z przemysłem mięsnym w Polsce na przykładzie rynku żywca wieprzowego / _cLeonard Milewski. |
| 260 |
_aWarszawa : _bWydaw. SGGW, _c2003. |
||
| 300 |
_a356 s. : _bmapy, wykr. ; _c24 cm. |
||
| 504 | _aBibliogr. | ||
| 650 | 9 |
_aRolnictwo _xekonomika |
|
| 650 | 9 |
_aRolnictwo _xmarketing |
|
| 650 | 9 |
_aRynek _xrolnictwo _zPolska _yod 1989 r. |
|
| 650 | 9 |
_aRynek _xrolnictwo _zkraje Unii Europejskiej |
|
| 650 | 9 |
_aWieprzowina _xceny _zPolska _yod 1989 r. |
|
| 650 | 9 |
_aWieprzowina _xceny _zkraje Unii Europejskiej |
|
| 650 | 9 |
_aMięso _xhandel _xUnia Europejska |
|
| 650 | 9 |
_aMięso _xhandel _xPolska _zod 1989 r. |
|
| 020 | _a8372444137 | ||
| 040 | _cBPK | ||
| 041 | 0 | _apol | |
| 080 | _a338.43:339.146:637.5:636.4](438:4-67)"1989/..." | ||
| 920 | _a83-7244-413-7 | ||
| 942 | _cKS | ||
| 008 | s pl f |000 0 pol | ||
| 999 |
_c43188 _d43188 |
||
| 856 |
_uhttp://koha.tu.koszalin.pl/cgi-bin/koha/opac-detail.pl?biblionumber=43188 _yKatalog online BPK |
||